ბათუმის შოთა რუსთაველის სახელმწიფო უნივერსიტეტის ბიბლიოთეკა

მე თქვენ გიმღერებთ ზღაპრის ბიჭის ლამაზ სიმღერას (1987-1990) (ბიბ.ჩანაწერი № 41810)

000 -LEADER
fixed length control field 01033nam a2200253Ia 4500
001 - CONTROL NUMBER
control field 8493
003 - CONTROL NUMBER IDENTIFIER
control field GE_BSU
008 - FIXED-LENGTH DATA ELEMENTS--GENERAL INFORMATION
fixed length control field 181216s||||||||xx |||||||||||||| ||und||
020 ## - INTERNATIONAL STANDARD BOOK NUMBER
International Standard Book Number 9992844205.
040 ## - CATALOGING SOURCE
Transcribing agency GE_BSU
080 ## - UNIVERSAL DECIMAL CLASSIFICATION NUMBER
Universal Decimal Classification number 821.353.1-92
100 ## - MAIN ENTRY--PERSONAL NAME
Personal name ზაქარიაძე,ლაზარე.
245 ## - TITLE STATEMENT
Title მე თქვენ გიმღერებთ ზღაპრის ბიჭის ლამაზ სიმღერას (1987-1990)
245 ## - TITLE STATEMENT
Remainder of title მოკლე ჩანაწერები.
245 ## - TITLE STATEMENT
Statement of responsibility, etc. რედ:ხათუნა თავდგირიძე;მხატვ.რედ:გურამ გუჯაბიძე.
260 ## - PUBLICATION, DISTRIBUTION, ETC.
Place of publication, distribution, etc. ბათუმი.
260 ## - PUBLICATION, DISTRIBUTION, ETC.
Name of publisher, distributor, etc. აჭარა.
260 ## - PUBLICATION, DISTRIBUTION, ETC.
Date of publication, distribution, etc. 2000.
300 ## - PHYSICAL DESCRIPTION
Extent 264გვ;20სმ.
653 ## - INDEX TERM--UNCONTROLLED
Uncontrolled term მე თქვენ გიმღერებთ ზღაპრის ბიჭის ლამაზ სიმღერას
653 ## - INDEX TERM--UNCONTROLLED
Uncontrolled term მოკლე ჩანაწერები.
942 ## - ADDED ENTRY ELEMENTS (KOHA)
Koha item type წიგნი
ეგზემპლარები
Withdrawn status Lost status Damaged status Not for loan Date acquired Barcode Date last seen Price effective from Koha item type
        2018-12-17 30921 2018-12-17 2018-12-17 წიგნი
        2018-12-17 30922 2018-12-17 2018-12-17 წიგნი